000 00416cam a22001097a 4500
008 180718b1958 xxu||||| |||| 00| 0 eng d
082 _aL6 Un3
245 _aReclassification of government expenditures and receipts in selected countries
_cby Department of Economic and Social Affairs, U.S.A.
260 _aNew York
_bUnited Nations
_c1958
300 _a124+p.
700 _aU.S.A. Department of Economic and Social Affairs
999 _c429598
_d429598